Irregular Verbs ESL (I) Quiz Stats

 Plays Quiz not verified by Sporcle

Challenge
Share
Tweet
Score 0/10 Timer 15:00
0 Plays Today
% Correct
to drink
94.4%
to swim
94.4%
to eat
94.4%
to ring
92.6%
to bite
92.6%
to drive
92.6%
to choose
90.7%
to sing
88.9%
to break
88.9%
to sink
83.3%

You're not logged in!

Compare scores with friends on all Sporcle quizzes.
Join for Free
OR
Log In

You Might Also Like...

Show Comments

Extras

Top Quizzes Today


Score Distribution

Your Account Isn't Verified!

In order to create a playlist on Sporcle, you need to verify the email address you used during registration. Go to your Sporcle Settings to finish the process.

Report this User

Report this user for behavior that violates our Community Guidelines.

Details: